书目信息 |
| 题名: |
韩国独立运动史
|
|
| 作者: | 赵东杰 , 金镇凤 编著 | |
| 分册: | ||
| 出版信息: | 黑龙江人民出版社 |
|
| 页数: | 120页 | |
| 开本: | 24cm | |
| 丛书名: | ||
| 单 册: | ||
| 中图分类: | K249.04 | |
| 科图分类: | ||
| 主题词: | 中国--历史 | |
| 电子资源: | ||
| ISBN: | ||
| 000 | 00594nam0 2200181 450 | |
| 001 | 202411012358359855 | |
| 005 | 20241106151351.49 | |
| 100 | @a20241101d km y0chiy0120 ea | |
| 101 | 0 | @achi |
| 200 | 1 | @a韩国独立运动史@AHan Guo Du Li Yun Dong Shi@f赵东杰,金镇凤等编著@FZhao Dong Jie,Jin Zhen Feng Deng Bian Zhu |
| 210 | @c黑龙江人民出版社 | |
| 215 | @a120页@d24cm | |
| 606 | 0 | @a中国@x历史 |
| 690 | @aK249.04@v4 | |
| 701 | 0 | @a赵东杰@AZhao Dong Jie@4编著 |
| 701 | 0 | @a金镇凤@AJin Zhen Feng@4编著 |
| 801 | 0 | @aCN@b大连网信软件有限公司图书馆·11@c20241106 |
| 905 | @aZUCC@b1431139@dK249.04@e146@f1 | |
| 韩国独立运动史/赵东杰,金镇凤等编著.-黑龙江人民出版社 |
| 120页;24cm |
| ISBN : |
| ● |
| 相关链接 |
|
|
|
|
正题名:韩国独立运动史
索取号:K249.04/146
 
预约/预借
| 序号 | 登录号 | 条形码 | 馆藏地/架位号 | 状态 | 备注 |
| 1 | 1431139 | 214311396 | 密集书库-史法系/ [索取号:K249.04/146] | 在馆 |